Kalašnikov s jarmulkou

Podrobná bibliografia
Médium: Článok
Jazyk:čeština
Fyzický popis:Fotogr.
ISSN:1212-5210
Predmet:

MARC

LEADER 00000nab a2200000 a 4500
001 vtls011467540
003 SK-MaSNL
005 20260303094132.0
008 160120 2016 xo m p 000 0 cze
015 |a SNBRB2016/01  |2 lmaosk 
040 |a LMAOSK  |b slo  |c LMAOSK  |e AACR2 
041 0 |a cze 
044 |a xo  |c SK 
080 |a 623.441/.443  |x (569.4)  |2 2001 
080 |a 623.442  |2 2001 
080 |a (046)  |2 2001 
245 0 0 |a Kalašnikov s jarmulkou  |c text a foto Zelený sport 
300 |b Fotogr. 
500 |a Obsahuje technické údaje. 
650 0 7 |a Galil AR (útočná puška)  |2 LMAOSK  |9 1106101 
650 0 7 |a Galil ARM (útočná puška)  |2 LMAOSK  |9 1106102 
650 0 7 |a Galil SAR (útočná puška)  |2 LMAOSK  |9 1106103 
650 0 7 |a Galil Sniper (útočná puška)  |2 LMAOSK  |9 1106104 
650 0 7 |a strelné zbrane  |z Izrael  |2 SNKPH  |9 1096694 
650 0 7 |a pušky  |2 SNKPH  |9 13773 
650 0 7 |a útočné pušky  |2 LMAOSK  |9 866336 
655 7 |a články  |2 SNKPH  |9 70601 
773 0 |t Zbraně & náboje  |g Roč. XVIII, č. 1 (2016), s. 30-32  |x 1212-5210 
852 |a LMAOSK  |b KIS3GCP 
958 |a NB 
999 |c 1819012  |d 1820942